000
00271nam a2200097Ia 4500
008
120527s9999 xx 000 0 und d
100
_a
STANHOPE & Lanacster
245
_a
Instructor's Manual to accompany community health nursing Process and
260
_b
WCB
942
_c
BK
999
_c
25929
_d
25929